00709cam a2200229 a 4500001000500000005001700005020001800022040002300040050002100063082001200084100002500096245004000121260003600161300005800197505000800255520009100263521001900354521002000373650002500393650002900418650003200447314320250829142909.0 a9780439921855 aDLCcDLCdDLCbeng00aPZ7.R1814b 199300a808.0681 aRaschka, Christopher10aYo! Yes? /cby Raschka, Christopher aNew York :bScholastic , c1993 a30 unnumbered pages : bcolor illustrations ;c29 cm. aB  aTwo lonely characters, one black and one white, meet on the street and become friends. a40 bLexile  aB bRaz-Plus  1aFriendshipvFiction. 1aRace relationsvFiction. 1aAfrican AmericansvFiction.